000 00312nam a22001337a 4500
008 180130b xxu||||| |||| 00| 0 eng d
020 _a9781560558750
041 _aeng
080 _a617
100 _a8
101 _aOFT
245 _aFundamentals and principles of ophthalmology
_cCibis,G.W
942 _2udc
_cBK
999 _c41296
_d41296